عرض عادي
عرض مارك
- Gross, Zoltan
دخول Personal Name
001 - CONTROL NUMBER
- control field: 24202
003 - CONTROL NUMBER IDENTIFIER
- control field: AE-AdECS
005 - DATE AND TIME OF LATEST TRANSACTION
- control field: 20251212072038.0
008 - FIXED-LENGTH DATA ELEMENTS
- fixed length control field: 251212|| aca||aabn | a|a d
040 ## - CATALOGING SOURCE
- Original cataloging agency: AE-AdECS
- Transcribing agency: AE-AdECS
100 ## - HEADING--PERSONAL NAME
- Personal name: Gross, Zoltan
670 ## - SOURCE DATA FOUND
- Source citation: Work cat.: (AE-AdECS)293415: Gross, Zoltan, author., Changing habits of mind :
